000 00731nam a2200205Ii 4500
003 JO-AjNU
008 230605s9999||||xx |||||||||||||| ||und||
017 _a1979/1448
040 _aJO-AjNU
_bara
_erda
_cJO-AjNU
041 _aara
050 1 4 _aHD85.B8.1979
100 3 _aبودقة،عبدالقادر محمد,
_eauthor
_913102
245 0 0 _aالتخطيط الاقتصادي :اسلوب الادارة الاقتصادي الوطني
264 3 1 _aالموصل:وزارة التعليم العالي والبحث العلمي ،1979
300 _a327ص
336 _atext
_btxt
_2rdacontent
337 _aunmediated
_bn
_2rdamedia
338 _avolume
_bnc
_2rdacarrier
650 4 _aالسياسة الاقتصادية
_913103
999 _aA3173
_c6741
_d6741